• 首页
  • 本馆介绍
  • 公告通知
  • 最新文献
  • 馆藏检索
  • 电子资源
  • 读者导购
  • 参考咨询
  • 我的图书馆
  • 登录
  • 详细信息显示
  • 放入我的书架
  • 预约/预借图书
  • 作者相关作品
  • 分类相关作品
  • 丛书相关作品
  • 出版社相关作品

书目信息

  • 表格格式
  • 工作单格式
  • 卡片格式
题名:
选举社会
    
 
作者: 何怀宏 著
分册:  
出版信息: 北京   北京大学出版社  2017
页数: 11,446页
开本: 23cm
丛书名:
单 册:
中图分类: K230.7
科图分类:
主题词: 社会形态--研究--中国--秦汉时代--清后期
电子资源:
ISBN: 978-7-301-28695-1
000 01181nam0 2200241 450
001 7233
005 20180605111930.03
010    @a978-7-301-28695-1@b精装@dCNY79.00
100    @a20180412d2017 em y0chiy50 ea
101 0  @achi@eeng
102    @aCN@b110000
105    @ay z 001yy
200 1  @a选举社会@9xuan ju she hui@e秦汉至晚清社会形态研究@f何怀宏著
210    @a北京@c北京大学出版社@d2017
215    @a11,446页@d23cm
300    @a何怀宏学术作品集
330    @a本书共分三编。在第一编“趋向”中,作者探讨了中国古代选举制度的形成,以及由察举向完备的科举发展的社会蕴涵。在第二编“标准”中,作者集中分析选拔入仕的标准,尤其是将注意力放在构成后期科举考试制度中心环节的八股试卷上,由此考察了古代选举的内容、形式、性质、功能及社会意义和影响等。在第三编“终结”中,作者先是分析了古代选举社会发展的矛盾、困境及其对策,然后考察了晚清遭受西方冲击之后所导致的废除科举的过程、理由及其所带来的社会变革的深远意义等。
517 1  @a秦汉至晚清社会形态研究@9qin han zhi wan qing she hui xing tai yan jiu
606 0  @a社会形态@x研究@y中国@z秦汉时代@z清后期
690    @aK230.7@v5
701  0 @a何怀宏@9he huai hong@f(1954-)@4著
801  0 @aCN@b91MARC@c20180412
905    @aMuseLib@dK230.7@e13
    
    选举社会:秦汉至晚清社会形态研究/何怀宏著.-北京:北京大学出版社,2017
    11,446页;23cm
    何怀宏学术作品集
    
    ISBN 978-7-301-28695-1(精装):CNY79.00
    本书共分三编。在第一编“趋向”中,作者探讨了中国古代选举制度的形成,以及由察举向完备的科举发展的社会蕴涵。在第二编“标准”中,作者集中分析选拔入仕的标准,尤其是将注意力放在构成后期科举考试制度中心环节的八股试卷上,由此考察了古代选举的内容、形式、性质、功能及社会意义和影响等。在第三编“终结”中,作者先是分析了古代选举社会发展的矛盾、困境及其对策,然后考察了晚清遭受西方冲击之后所导致的废除科举的过程、理由及其所带来的社会变革的深远意义等。
●
相关链接 在E读中查询图书 在五车中查询图书 在当当中查询图书 在豆瓣中查询图书


正题名:选举社会     索取号:K230.7/13         预约/预借

序号 登录号 条形码 馆藏地/架位号 状态 备注
1 1116997   211169974   第二样本阅览室/ [索取号:K230.7/13] 在馆    
2 1116998   211169983   教育系资料室/ [索取号:K230.7/13] 在馆    
3 1116999   211169992   教育系资料室/ [索取号:K230.7/13] 在馆    
4 1117753   211177536   第二借阅区/ [索取号:K230.7/13] 在馆    
唐山师范学院图书馆 欢迎您!
大连网信软件有限公司© 版权所有